000 00584nam a2200193Ia 4500
005 20250326140531.0
008 250326s9999 xx 000 0 und d
020 _a81-7649-080-6
037 _aTextbook
040 _aFMSL
_beng
_cFMSL
041 _aeng
_2eng
084 _aX:8.41 N8
_qFMSL
100 _aHaley G T
_9742506
245 0 _aNew asian emperors: overseas Chinese their strategies and competetive advances
_cHaley G T And Others
260 _aNew Delhi
_bNew Delhi, Viva
_c1998
300 _axii,164
942 _cTB
_hX:8.41 N8
999 _c1286199
_d1286199